[Event "EU-Cup 35th"]
[Site "Ulcinj"]
[Date "2019.11.16"]
[Round "7.33"]
[White "Willow, David"]
[Black "Bakalarz, Grazyna"]
[Result "0-1"]
[WhiteElo "1769"]
[BlackElo "1849"]
[PlyCount "130"]
[EventDate "2019.11.10"]
[EventType "team-swiss"]
[EventRounds "7"]
[EventCountry "MNE"]
[SourceTitle "EXT 2021"]
[Source "ChessBase"]
[SourceDate "2020.10.23"]
[SourceVersion "1"]
[SourceVersionDate "2020.10.23"]
[SourceQuality "1"]
[WhiteTeam "St Benildus"]
[BlackTeam "Differdange"]
[WhiteTeamCountry "IRL"]
[BlackTeamCountry "LUX"]

1. e4 e5 2. Nf3 Nf6 3. Nxe5 d6 4. Nf3 Nxe4 5. Nc3 Nxc3 6. dxc3 Be7 7. Be3 0-0 8. Qd2 Qe8 9. 0-0-0 Qa4 10. Kb1 Be6 11. b3 Qa5 12. Bd3 Nc6 13. Nd4 Nxd4 14. cxd4 Qxd2 15. Rxd2 Rfe8 16. c3 a5 17. Kb2 Bf6 18. Re1 Bd5 19. f3 a4 20. Rde2 axb3 21. axb3 h6 22. Bf2 Rxe2+ 23. Rxe2 Bc6 24. Be4 Re8 25. Bd3 Ra8 26. Be4 Re8 27. Bd3 Rb8 28. b4 Kf8 29. Kb3 b5 30. Be4 Re8 31. Bd3 Bd5+ 32. Kb2 Rb8 33. Be4 Bc4 34. Re1 Bg5 35. h4 Bf6 36. Bc2 Re8 37. Bb3 Be2 38. Bd5 Bd3 39. Be4 Bc4 40. Bc2 Rxe1 41. Bxe1 c6 42. g3 Be2 43. f4 Bf3 44. Bd3 Ke7 45. Kc2 g5 46. hxg5 hxg5 47. fxg5 Bxg5 48. Bd2 Kf6 49. Be1 Be3 50. Bf1 Kf5 51. Kd3 Bc1 52. Bh3+ Bg4 53. Bxg4+ Kxg4 54. d5 cxd5 55. Kd4 Kf3 56. Kxd5 Ke2 57. Kxd6 Kxe1 58. Kc5 Bd2 59. Kxb5 Bxc3 60. Kc4 Bxb4 61. Kxb4 f5 62. Kc3 Kf2 63. Kd2 Kxg3 64. Ke2 f4 65. Kf1 Kf3 0-1